Architect's pocket book (Record no. 108695)
[ view plain ]
| 000 -LEADER | |
|---|---|
| fixed length control field | 01277cam a22003015a 4500 |
| 001 - CONTROL NUMBER | |
| control field | L145095 |
| 008 - FIXED-LENGTH DATA ELEMENTS--GENERAL INFORMATION | |
| fixed length control field | 080905s2008 xxkae f hu 001 0 eng d |
| 020 ## - INTERNATIONAL STANDARD BOOK NUMBER | |
| International Standard Book Number | 9780750686174 |
| 035 ## - SYSTEM CONTROL NUMBER | |
| System control number | (Sirsi) u145095 |
| 041 0# - LANGUAGE CODE | |
| Language code of text/sound track or separate title | eng |
| 050 04 - LIBRARY OF CONGRESS CALL NUMBER | |
| Classification number | 720 $2 22 |
| 100 1# - MAIN ENTRY--PERSONAL NAME | |
| Personal name | Baden-Powell, Charlotte |
| 245 00 - TITLE STATEMENT | |
| Title | Architect's pocket book |
| 250 ## - EDITION STATEMENT | |
| Edition statement | 3rd ed. |
| 260 ## - PUBLICATION, DISTRIBUTION, ETC. | |
| Place of publication, distribution, etc. | Oxford |
| Name of publisher, distributor, etc. | Architectural Press $2 008 |
| 300 ## - PHYSICAL DESCRIPTION | |
| Extent | xii, 340 p. |
| Dimensions | 19 cm. |
| 350 ## - PRICE (NR) (BK AM CF MU VM SE) [OBSOLETE] | |
| Price | 17.99 |
| 505 2# - FORMATTED CONTENTS NOTE | |
| Formatted contents note | General information -- Planning -- Structures -- Services -- Building elements -- Materials -- Addresses/Sources -- Bibliography -- Index |
| 520 ## - SUMMARY, ETC. | |
| Summary, etc. | The third edition of this pocket book contains information often needed on a daily basis, which comes from a variety of sources not always readily available. Contains updates to costs, law, insulation and computer aided design for architects. Content includes data about planning, structure, services, building elements, materials and directories with mail and web site addresses. |
| 520 ## - SUMMARY, ETC. | |
| Summary, etc. | Supersedes 2nd ed. ISBN 0750647647 |
| 590 ## - LOCAL NOTE (RLIN) | |
| Local note | KA |
| 651 #4 - SUBJECT ADDED ENTRY--GEOGRAPHIC NAME | |
| Geographic name | United Kingdom |
| Chronological subdivision | |
| 690 ## - LOCAL SUBJECT ADDED ENTRY--TOPICAL TERM (OCLC, RLIN) | |
| Topical term or geographic name as entry element | BUILT ENVIRONMENT-CONSTRUCTION DESIGN-ARCHITECTURAL DESIGN |
| 700 1# - ADDED ENTRY--PERSONAL NAME | |
| Personal name | Hetreed, Jonathan |
| 700 1# - ADDED ENTRY--PERSONAL NAME | |
| Personal name | Ross, Ann |
| 942 ## - ADDED ENTRY ELEMENTS (KOHA) | |
| Suppress in OPAC | 0 |
| Withdrawn status | Lost status | Source of classification or shelving scheme | Damaged status | Not for loan | Home library | Current library | Shelving location | Date acquired | Cost, normal purchase price | Total Checkouts | Full call number | Barcode | Date last seen | Date last checked out | Copy number | Cost, replacement price | Price effective from | Koha item type |
|---|---|---|---|---|---|---|---|---|---|---|---|---|---|---|---|---|---|---|
| Dewey Decimal Classification | London | London | Books | 15/10/2008 | 17.99 | 6 | 720 BAD | 30076348 | 06/08/2019 | 23/09/2009 | 1 | 17.99 | 06/08/2019 | Book |